000 01060nam a22002777a 4500
003 0
005 20180722124453.0
008 0
010 _aB-047411
020 _c100.00
_a8170435293
035 _aB-047411, B-047412
037 _bCen Lib/Ret
040 _aDPL
_bHN
_c0
082 _a
_bचिन्ताम
100 _aचिन्तामणि, केशवदत्त
_945019
245 _aप्रतीक्षा /
_cकेशवदत्त चिन्तामणि
246 _aPratiksha /
_bby Keshavdatt Chintamunee
260 _aदिल्ली
_bआत्माराम एंड संस
_c2002
270 _aकश्मीरी गेट
_bदिल्ली
_e110006
300 _a114पृ.
_c21सेमी (सजिल्द )
650 _aसाहित्य--कहानियां
_x
_z
_9104922
650 _aहिंदी कहानियां
_v
_943306
650 _aLiterature--Stories
_9104923
650 _aHindi Stories
_9104924
942 _2ddc
_cHN
_h
_mचिन्ताम
999 _c117575
_d117575